Statistics for Fifa 20 Top 25 Serbia Players

Click here to take the quiz!

General Stats

  • This quiz has been taken 82 times
  • The average score is 15 of 25

Answer Stats

RatingTeamPlayer% Correct
84AjaxDusan Tadic
99%
83Real MadridLuka Jovic
96%
85LazioSergej Milinkovic-Savic
96%
78FulhamAleksandar Mitrovic
90%
81Manchester UnitedNemanja Matic
90%
82AS RomaAleksandar Kolarov
80%
82Eintracht FrankfurtFilip Kostic
79%
81Crystal PalaceLuka Milivojevic
79%
76FiorentinaNikola Milenkovic
67%
81BesiktasAdem Ljajic
64%
78Getafe CFNemanja Maksimovic
63%
78NapoliNikola Maksimovic
63%
80SD EibarMarko Dmitrovic
60%
80FC Schalke 04Matija Nastasic
60%
77Sevilla FCNemanja Gudelj
57%
76Stade ReimsPredrag Rajkovic
56%
78BSC Young BoysMiralem Sulejmani
53%
76LazioDusan Basta
34%
78Deportivo AlavesLjubomir Fejsa
33%
75Al-IttihadAleksandar Prijovic
31%
76SL BenficaAndrija Zivkovic
30%
75Sydney FCMilos Ninkovic
29%
77Union BerlinNeven Subotic
29%
77Hertha BSCMarko Grujic
21%
76GenoaIvan Radovanovic
14%

Score Distribution

Percentile by Number Answered

Percent of People with Each Score

Your Score History

You have not taken this quiz